Los Delfines de la punta austral de la América del Sur, por el Dr. R. A. Philippi, con 5 láminas

Salvato in:
Dettagli Bibliografici
Autore principale: Philippi, Rodulfo Amando (Autore)
Ente Autore: Museo Nacional de Chile. Primera Sección: Zoología (Autore)
Natura: Libro
Lingua:spagnolo
Pubblicazione: Santiago Museo Nacional de Chile 1893
Edizione:1a. ed
Serie:Anales del Museo Nacional de Chile
Soggetti:
Tags: Aggiungi Tag
Nessun Tag, puoi essere il primo ad aggiungerne!!

MARC

LEADER 00000nam a2200000 a 4500
001 UCJ8625
003 CL-VaPUC
008 070124e18930000CL |||||||||||||||||spa|d
082 0 4 |a 591  |b PHI  |2 21 
100 0 |a Philippi, Rodulfo Amando  |e author  |9 505016 
110 2 |a Museo Nacional de Chile. Primera Sección: Zoología  |e author  |9 517492 
245 1 4 |a Los Delfines de la punta austral de la América del Sur, por el Dr. R. A. Philippi, con 5 láminas 
250 |a 1a. ed 
300 |a 24 p 
942 |c BK 
945 |d 20070124 00:00:00  |a rinostro 
260 |a Santiago  |b Museo Nacional de Chile  |c 1893 
500 |a Advierte errata. 5 láminas fuera de texto. Formato .34x.28 m 
650 0 |a Fauna chilena  |9 505069 
650 0 |a Ilustraciones  |9 369481 
650 7 |a DELFINES  |2 CL-VaPUC  |9 261768 
583 |a last modification  |c 20070124 00:00:00  |k Rodrigo Vera 
490 0 |a Anales del Museo Nacional de Chile 
999 |c 324295  |d 324293 
952 |0 0  |1 0  |4 0  |6 591_000000000000000_PHI_1893  |7 0  |8 X  |9 404380  |a FDOBUD  |b FDOBUD  |d 2019-11-22  |i 108142K  |o 591 PHI 1893  |p 108142K  |r 2019-11-22  |w 2019-11-22  |y BK_X  |k BUD